Un nuevo Pentecostés: Aparecida

Kaydedildi:
Detaylı Bibliyografya
Kurumsal yazarlar: Instituto Pastoral Apostol Santiago (Yazar), INPAS (Yazar)
Materyal Türü: Kitap
Dil:İspanyolca
Baskı/Yayın Bilgisi: Santiago INPAS 2008
Edisyon:1a. ed
Seri Bilgileri:Discípulos Misioneros al Servicio de la Vida, 25
Konular:
Etiketler: Etiketle
Etiket eklenmemiş, İlk siz ekleyin!

MARC

LEADER 00000cam a2200000 a 4500
001 UCC6392
003 CL-VaPUC
008 181207e20080000cl |||||||||||||||||spa|d
020 |a 9789568188917 
082 0 4 |a 248.894  |b INS  |2 21 
110 2 |a Instituto Pastoral Apostol Santiago  |e author  |9 600820 
710 2 |a INPAS  |e author  |9 600821 
245 1 3 |a Un nuevo Pentecostés: Aparecida 
250 |a 1a. ed 
300 |a 40 p 
942 |c BK 
945 |d 20181207 13:37:00  |a dcastane 
260 |a Santiago  |b INPAS  |c 2008 
650 0 |a Vocación religiosa  |9 392452 
650 0 |a Vocación sacerdotal  |9 392453 
583 |a last modification  |c 20181207 13:37:00  |k Rodrigo Vera 
490 0 |a Discípulos Misioneros al Servicio de la Vida, 25 
999 |c 373341  |d 373339 
952 |0 0  |1 0  |3 erb  |4 0  |6 248_894000000000000_INS_2008  |7 0  |8 A  |9 491411  |a BIBTEO  |b BIBTEO  |e Precht Pizarro, Jorge Enrique  |i 5521181  |o 248.894 INS 2008  |p 5521181  |r 2025-01-17  |w 2019-11-24  |y BK  |z Catalogado en:20181207  |k ICR